The capital is still at the games (Record no. 80574)

MARC details
000 -LEADER
fixed length control field 00834cab a22001815a 4500
001 - CONTROL NUMBER
control field L144753
008 - FIXED-LENGTH DATA ELEMENTS--GENERAL INFORMATION
fixed length control field 080807e20080618xxkmo f s 000 0 eng d
035 ## - SYSTEM CONTROL NUMBER
System control number (Sirsi) u144753
041 0# - LANGUAGE CODE
Language code of text/sound track or separate title eng
100 1# - MAIN ENTRY--PERSONAL NAME
Personal name Prior, Grant
245 04 - TITLE STATEMENT
Title The capital is still at the games
260 ## - PUBLICATION, DISTRIBUTION, ETC.
Date of publication, distribution, etc. 2008
490 ## - SERIES STATEMENT
Series statement Contract Journal
Volume/sequential designation 443(6680) 18 June 2008, 23-25(3)
520 ## - SUMMARY, ETC.
Summary, etc. Article shows that despite falls in workloads, London is surviving better than the rest of the country, largely as a result of the various opportunities provided by the 2012 Olympics. Charts and statistics show a small rise across most sectors, with a slight downturn in the numbers of skilled tradesmen and professionals across the board.
651 #4 - SUBJECT ADDED ENTRY--GEOGRAPHIC NAME
Geographic name England and Wales
Chronological subdivision 1543-
690 ## - LOCAL SUBJECT ADDED ENTRY--TOPICAL TERM (OCLC, RLIN)
Topical term or geographic name as entry element PROPERTY-COMMERCIAL PROPERTY-COMMERCIAL PROPERTY MARKET
942 ## - ADDED ENTRY ELEMENTS (KOHA)
Suppress in OPAC 0
Holdings
Withdrawn status Lost status Source of classification or shelving scheme Damaged status Not for loan Home library Current library Shelving location Date acquired Total Checkouts Full call number Barcode Date last seen Copy number Price effective from Koha item type
    Dewey Decimal Classification     London London Journal article 07/08/2008   L144753 144753-1001 06/08/2019 1 06/08/2019 Journal article